000 00741nam a22001697a 4500
999 _c100268
_d100268
008 201130b ||||| |||| 00| 0 eng d
040 _bger
_cDE-2950
_erda
_aDE-2950
041 _ager
245 _aDie Fußgängerbrücke über die Bahnlinie verschwindet.
_bDie Fußgängerbrücke "Am alten Wasserturm" in Frankfurts Stadtteil Neuberesinchen ist marode und war seit 2019 gesperrt. Jetzt wird sie zurück gebaut.
_cFoto: Gerrit Freitag
653 _aFrankfurt (Oder)
653 _aBrückenbau
773 _dFrankfurt (Oder): Märkisches Verlags- und Druckhaus GmbH & Co KG
_g32. Jahrgang (2021) Nr. 106 vom 08./09.05.2021, S. 1
_tMärkische Oderzeitung
942 _cA